000
00194 a2200085 4500
245
_a
heart of darkness
_h
Text
100
_a
ANTONY FOTHERGILL
650
_a
OPEN GUIDES TO LITERATURE
005
20191017172222.0
084
_a
NONE
999
_c
8595
_d
8595